| 000 | 00382nam a2200157Ia 4500 | ||
|---|---|---|---|
| 005 | 20250603145150.0 | ||
| 008 | 250603s9999 xx 000 0 und d | ||
| 020 | _a0-03-030264-1 | ||
| 100 | _aEdward I. Peters | ||
| 245 | 0 | _aIntroduction to Chemical Principles | |
| 250 | _a5th ed. | ||
| 260 | _bSaunders College Publishing | ||
| 260 | _c1990 | ||
| 300 | _a559 p | ||
| 942 | _cBK | ||
| 999 |
_c41068 _d41068 |
||